000 00522nam a2200181 a 4500
001 3275
005 20140414131917.0
008 060215s19uu xx 00 eng d
020 _a0-7434-0854-3
050 _aER
_bR84 2000
100 _aGold, Becky
245 _aRugrats: take a bow, babies! /
_cby Becky Gold ; illustrated by Studio Orlando.
260 _aLondon :
_bPocket Books,
_c2000.
300 _a32 p. : ill. ; cm.
440 _aNickelodeon
650 _aAdventures and adventure
_xFiction.
999 _c111513
_d111513